00321pab a2200121 454500008004000000100002000040245005100060260000900111300001100120362001200131650001000143773004600153180718b2004 xxu||||| |||| 00| 0 eng d aRogers, John D. aCaste, power and region in colonial South Asia c2004 ap.1-6. aJan-Mar aCaste aIndian Economic and Social History Review